| 000 | 00530cam a22001097a 4500 | ||
|---|---|---|---|
| 008 | 180718b--- xxu||||| |||| 00| 0 eng d | ||
| 082 | _aT068x54 In2/234 | ||
| 245 |
_aTables with notes on the dimensions of the economic problems of weaker section of rural population _cby National Sample Survey Organisation, Department of Statistics. Ministry of Planning |
||
| 260 |
_aNew Delhi _bGovernment of India _c--- |
||
| 300 | _a234no. v.p. | ||
| 700 | _aIndia. National Sample Survey Organisation, Department of Statistics. Ministry of Planning | ||
| 999 |
_c497106 _d497106 |
||